| 000 | 01123cam a2200325 4500 | ||
|---|---|---|---|
| 008 | 050214n2004 000 0 eng u | ||
| 020 | _a0749441941 | ||
| 035 | _a(Sirsi) u128782 | ||
| 041 | _aeng | ||
| 050 |
_a333.33 _c18 |
||
| 100 | _aO'Grady, S. | ||
| 245 | 4 | _aThe complete guide to buying and selling property | |
| 250 | _a2nd ed | ||
| 260 |
_aLondon _bKogan Page _c2004 |
||
| 300 |
_axi, 240p. _c22cm |
||
| 350 | _a8.99 | ||
| 520 | _aOffers guidance on buying and selling, discussing the advantages and disadvantages of home ownership. Advises on finding the right property and describes the processes and legal obligations involved. Includes topics such as buy-to-let, self-build, buying abroad and buying in Scotland. | ||
| 590 | _aNB | ||
| 650 |
_aRESIDENTIAL PROPERTY _96266 |
||
| 650 | _aBUYING | ||
| 650 | _aSELLING | ||
| 650 | _aPROPERTY-RESIDENTIAL PROPERTY-ACQUISITION AND DISPOSAL OF RESIDENTIAL PROPERTY | ||
| 650 | _aMORTGAGES | ||
| 650 | _aCONVEYANCING | ||
| 650 |
_aInsurance _96249 |
||
| 650 | _aHOME IMPROVEMENTS | ||
| 650 | _aSELF-BUILD | ||
| 650 | _aHOUSING | ||
| 942 | _n0 | ||
| 999 |
_c104014 _d104014 |
||